| 000 | 01175nam a22002057a 4500 | ||
|---|---|---|---|
| 003 | DO-SdBNP | ||
| 005 | 20210916101427.0 | ||
| 007 | ta | ||
| 008 | 210916e2017 dr ||||gr|||| 001 0dspa d | ||
| 040 |
_aDO-SdBNP _bspa _cBNPHU |
||
| 082 | _bS161o | ||
| 100 | 1 |
_92454 _aAlmonte Salazar , Manuel Antonio _d1955 |
|
| 245 | 1 | 0 |
_aOctubre 17: _balgunas enseñanzas de la revolución de octubre para la revolución dominicana / _cManuel Salazar |
| 260 |
_aSanto Domingo : _bPartido Comunista del Trabajo -PCT-, _bMediabyte, _c2017 |
||
| 300 |
_a[47 p]; _c22 cm |
||
| 505 | 0 | 0 |
_aPresentación. _tI. La revolución de octubre fue resultado de un proceso revolucionario.-- _tII. Dialéctica de la revolución rusa: algunas categorías de análisis y la democrática como antesala a la socialista.-- _tIII. La lucha de masa y la dirección del partido: la hegemonía se conquista.-- _tIV. Un Partido Comunista de Masa.-- _tV. A manera de colofón: hay que asumir una actitud revolucionaria y abandonar el burocratismo conservador y el sectarismo.-- _tVI. Textos, bibliografía, consultados. |
| 590 | _aInventriado 2021 / MF | ||
| 830 |
_aPartido Comunista del Trabajo _979907 |
||
| 942 |
_2ddc _cLF2 |
||
| 999 |
_c50537 _d50537 |
||